000 00611nam a22002057a 4500
005 20240311100836.0
008 240311b |||||||| |||| 00| 0 eng d
020 _a978032303526
082 _a617.601
_bDAN-M
100 _aDaniel, Susan. J
245 _aMosby's Dental Hygiene :
_bconcepts, cases, and competencies /
_cSusan J. Daniel
250 _a2nd ed.
260 _aCanada :
_bElsevier ;
_c2008 .
300 _axxii , 1017 p. :
_bill ;
_c28 cm .
500 _aInclude Index . Hard Binding.
650 _aMedical / Dentistry
700 _aSherry A. Harfst
700 _aRebecca S. Wilder
999 _c35299
_d35299